Diseño de la cimentación de la presa Tarbela /
Texto de la conferencia Nabor Carrillo, presentada en el marco de la Reunión Nacional de Mecánica de Suelos. John Lowe III describe el proyecto de cimentación de la presa Tarbela, en Pakistán.
Guardado en:
| Autores corporativos: | , |
|---|---|
| Otros autores: | |
| Formato: | Procedimiento de la conferencia Libro |
| Idioma: | Español |
| Publicado: |
México :
Sociedad Mexicana de Mecánica de Suelos,
1978, c1978
|
| Temas: | |
| Etiquetas: |
Sin etiquetas, Sé el primero en etiquetar este registro!
|
MARC
| LEADER | 00000nam^a2200000^a^4500 | ||
|---|---|---|---|
| 001 | 000096451 | ||
| 005 | 20250521000000.0 | ||
| 009 | 20260310092943.395 | ||
| 037 | |a Acervo ITESO - Biblioteca | ||
| 041 | |a ESP | ||
| 082 | |a 624. 15136 |b REU 1978 CON | ||
| 111 | |a Reunión Nacional de Mecánica de Suelos ( |n 9a : |d 1978 : |c Mérida) | ||
| 245 | 1 | 0 | |a Diseño de la cimentación de la presa Tarbela / |c Reunión Nacional de Mecánica de Suelos, Conferencia Nabor Carrillo ; J. Lowe III. |
| 264 | 4 | |a México : |b Sociedad Mexicana de Mecánica de Suelos, |c 1978, c1978 | |
| 300 | |a 152 p. | ||
| 336 | |a texto |b txt |2 rdacontenido | ||
| 337 | |a sin mediación |b n |2 rdamedio | ||
| 338 | |a volumen |b nc |2 rdasoporte | ||
| 520 | |a Texto de la conferencia Nabor Carrillo, presentada en el marco de la Reunión Nacional de Mecánica de Suelos. John Lowe III describe el proyecto de cimentación de la presa Tarbela, en Pakistán. | ||
| 649 | |a XX | ||
| 650 | |a Suelos - |z México | ||
| 650 | |a Geotecnia | ||
| 650 | |a Ingeniería Civil | ||
| 650 | |a Cimentación | ||
| 650 | |a Presas | ||
| 650 | |a Construcción | ||
| 650 | |a Ingeniería Hidráulica | ||
| 711 | |a Conferencia Nabor Carrillo ( |n 4a : |d 1978 : |c Mérida) | ||
| 700 | |a Lowe, John, |c III |e (autor) | ||
| 910 | |a Fondo General | ||
| 920 | |a Impresos - Libros | ||
| 930 | |a Colección General | ||
| 905 | |a 101 | ||
| 901 | |a 0500032155 |b IT1 |c ACC |u 20250521 | ||
| 902 | |a https://opac.biblio.iteso.mx/vufind/Record/000096451 | ||